Sports Quiz

Random Sports Quiz

Blockbuster Trades Quiz Stats

Quiz not verified by Sporcle

Challenge
Share
Tweet
Embed
Score 0/30 Timer 05:00
0 Plays Today
Trade Players % Correct
Wayne Gretzky TradeWayne Gretzky
82.7%
Eric Lindros TradeEric Lindros
81.8%
Herschel Walker TradeHerschel Walker
80.9%
Charles Barkley TradeCharles Barkley
77.3%
Patrick Roy TradePatrick Roy
74.5%
John Elway TradeJohn Elway
71.8%
Eric Lindros TradePeter Forsberg
45.5%
Wayne Gretzky TradeMarty McSorley
30.9%
Eric Lindros TradeRon Hextall
26.4%
Charles Barkley TradeJeff Hornacek
25.5%
Wayne Gretzky TradeJimmy Carson
23.6%
Eric Lindros TradeMike Ricci
22.7%
Patrick Roy TradeJocelyn Thibault
20.9%
Patrick Roy TradeMike Keane
13.6%
Wayne Gretzky TradeMartin Gelinas
12.7%
Trade Players % Correct
Eric Lindros TradeKerry Huffman
12.7%
Eric Lindros TradeSteve Duchesne
11.8%
Patrick Roy TradeAndrei Kovalenko
10.9%
Patrick Roy TradeMartin Rucinsky
10.9%
Charles Barkley TradeAndrew Lang
10.9%
Wayne Gretzky TradeMike Krushelnyski
10%
Charles Barkley TradeTim Perry
9.1%
Eric Lindros TradeChris Simon
7.3%
John Elway TradeChris Hinton
6.4%
Herschel Walker TradeJesse Solomon
4.5%
Herschel Walker TradeIssiac Holt
3.6%
Herschel Walker TradeDarrin Nelson
3.6%
Herschel Walker TradeAlex Stewart
2.7%
John Elway TradeMark Hermann
2.7%
Herschel Walker TradeDavid Howard
0.9%

You're not logged in!

Compare scores with friends on all Sporcle quizzes.
Sign Up with Email
OR
Log In

You Might Also Like...

Show Comments

Extras

Top Quizzes Today


Score Distribution

Your Account Isn't Verified!

In order to create a playlist on Sporcle, you need to verify the email address you used during registration. Go to your Sporcle Settings to finish the process.